| 000 -LEADER |
| fixed length control field |
01800cam a2200433 a 4500 |
| 001 - CONTROL NUMBER |
| control field |
11768458 |
| 005 - DATE AND TIME OF LATEST TRANSACTION |
| control field |
20190502121601.0 |
| 008 - FIXED-LENGTH DATA ELEMENTS--GENERAL INFORMATION |
| fixed length control field |
990816s2000 enka b 001 0 eng |
| 010 ## - LIBRARY OF CONGRESS CONTROL NUMBER |
| LC control number |
99045882 |
| 020 ## - INTERNATIONAL STANDARD BOOK NUMBER |
| International Standard Book Number |
0195130316 (alk. paper) |
| 020 ## - INTERNATIONAL STANDARD BOOK NUMBER |
| International Standard Book Number |
0195130324 (pbk. : alk. paper) |
| 040 ## - CATALOGING SOURCE |
| Original cataloging agency |
DLC |
| Transcribing agency |
DLC |
| Modifying agency |
DLC |
| 041 ## - LANGUAGE CODE |
| Language code of text/sound track or separate title |
eng |
| 050 00 - LIBRARY OF CONGRESS CALL NUMBER |
| Classification number |
P118 |
| Item number |
.B424 2000 |
| 245 00 - TITLE STATEMENT |
| Title |
Becoming a word learner : |
| Remainder of title |
a debate on lexical acquisition / |
| Statement of responsibility, etc. |
Roberta Michnick Golinkoff ... [et al.]. |
| 260 ## - PUBLICATION, DISTRIBUTION, ETC. |
| Place of publication, distribution, etc. |
Oxford ; |
| -- |
New York : |
| Name of publisher, distributor, etc. |
Oxford University Press, |
| Date of publication, distribution, etc. |
2000. |
| 300 ## - PHYSICAL DESCRIPTION |
| Extent |
vii, 208 p. : |
| Other physical details |
ill. ; |
| Dimensions |
25 cm. |
| 490 1# - SERIES STATEMENT |
| Series statement |
Counterpoints |
| 504 ## - BIBLIOGRAPHY, ETC. NOTE |
| Bibliography, etc. note |
Includes bibliographical references and index. |
| 650 #0 - SUBJECT ADDED ENTRY--TOPICAL TERM |
| Topical term or geographic name entry element |
Language acquisition. |
| 9 (RLIN) |
589 |
| 650 #0 - SUBJECT ADDED ENTRY--TOPICAL TERM |
| Topical term or geographic name entry element |
Vocabulary. |
| 9 (RLIN) |
600 |
| 653 ## - INDEX TERM--UNCONTROLLED |
| keyword |
პედაგოგიკა |
| 653 ## - INDEX TERM--UNCONTROLLED |
| keyword |
დისკუსია ლექსიკური შეძენის შესახებ |
| 653 ## - INDEX TERM--UNCONTROLLED |
| keyword |
ენა |
| 700 1# - ADDED ENTRY--PERSONAL NAME |
| Personal name |
Golinkoff, Roberta M. |
| 9 (RLIN) |
601 |
| 700 1# - ADDED ENTRY--PERSONAL NAME |
| Personal name |
Pasek-hirsh , Kathy. |
| 9 (RLIN) |
603 |
| 700 1# - ADDED ENTRY--PERSONAL NAME |
| Personal name |
BLOOM , LOIS |
| 9 (RLIN) |
587 |
| 700 1# - ADDED ENTRY--PERSONAL NAME |
| Personal name |
SMITH , LINDA , B |
| 9 (RLIN) |
604 |
| 700 1# - ADDED ENTRY--PERSONAL NAME |
| Personal name |
WOODWARD , AMANDA L |
| 9 (RLIN) |
605 |
| 700 1# - ADDED ENTRY--PERSONAL NAME |
| Personal name |
AKHTAR , NAMEERA |
| 9 (RLIN) |
606 |
| 700 1# - ADDED ENTRY--PERSONAL NAME |
| Personal name |
TOMASELLO , MICHAEL |
| 9 (RLIN) |
607 |
| 700 1# - ADDED ENTRY--PERSONAL NAME |
| Personal name |
HOLLICH , GEORGE |
| 9 (RLIN) |
608 |
| 830 #0 - SERIES ADDED ENTRY--UNIFORM TITLE |
| Uniform title |
Counterpoints (Oxford University Press) |
| 9 (RLIN) |
602 |
| 856 42 - ELECTRONIC LOCATION AND ACCESS |
| Materials specified |
Publisher description |
| Uniform Resource Identifier |
http://www.loc.gov/catdir/enhancements/fy0603/99045882-d.html |
| 856 41 - ELECTRONIC LOCATION AND ACCESS |
| Materials specified |
Table of contents only |
| Uniform Resource Identifier |
http://www.loc.gov/catdir/enhancements/fy0603/99045882-t.html |
| 906 ## - LOCAL DATA ELEMENT F, LDF (RLIN) |
| a |
7 |
| b |
cbc |
| c |
orignew |
| d |
1 |
| e |
ocip |
| f |
19 |
| g |
y-gencatlg |
| 942 ## - ADDED ENTRY ELEMENTS (KOHA) |
| Source of classification or shelving scheme |
|
| Koha item type |
წიგნი |